00598nam a22001577a 450000500170000000800410001702000150005804100130007308200140008610000510010024501650015125000190031626000470033530000330038265000250041520231120123724.0231120b |||||||| |||| 00| 0 eng d a0702113360 aEnglish  a343.4 SIL aSilke, AS ; Divaris, C and Stein ML lEnglish  aSilke on South African Income Tax : bBeing an exposition of the Law, practice and incidence of income tax in South Africa / cAS Silke, C Divaris and ML Stein  aTenth Edition  aCape Town : bJuta and Company Ltd, c1982 bxlvii, 1696 pages ; c26 cm. aLegal practice bLaw